000 01325nam a2200337 a 4500
001 ebr10683343
003 CaPaEBR
006 m u
007 cr cn|||||||||
008 110316s2011 nyua sb 001 0 eng d
010 _z 2011005858
020 _z9781612099606 (hardcover)
020 _z1612099602 (hardcover)
020 _z9781624174957 (e-book)
040 _aCaPaEBR
_cCaPaEBR
035 _a(OCoLC)839388463
050 1 4 _aTA418.84
_b.T48 2011eb
082 0 4 _a620.1/127
_222
245 0 0 _aTheory and uses of acoustic emissions
_h[electronic resource] /
_cJustin K. Burnett, editor.
260 _aNew York :
_bNova Science Publishers, Inc.,
_cc2011.
300 _axi, 289 p. :
_bill.
490 1 _aMaterials science and technologies
504 _aIncludes bibliographical references and index.
533 _aElectronic reproduction.
_bPalo Alto, Calif. :
_cebrary,
_d2013.
_nAvailable via World Wide Web.
_nAccess may be limited to ebrary affiliated libraries.
650 0 _aAcoustic emission testing.
655 7 _aElectronic books.
_2local
700 1 _aBurnett, Justin K.
710 2 _aebrary, Inc.
830 0 _aMaterials science and technologies series.
856 4 0 _uhttp://site.ebrary.com/lib/rucke/Doc?id=10683343
_zAn electronic book accessible through the World Wide Web; click to view
999 _c32513
_d32513